Attrition management : concepts and cases (Record no. 186777)

MARC details
000 -LEADER
fixed length control field 00413nam a2200157Ia 4500
005 - DATE AND TIME OF LATEST TRANSACTION
control field 20250220164728.0
008 - FIXED-LENGTH DATA ELEMENTS--GENERAL INFORMATION
fixed length control field 231217s9999 xx 000 0 und d
020 ## - INTERNATIONAL STANDARD BOOK NUMBER
International Standard Book Number 9788131401750
082 ## - DEWEY DECIMAL CLASSIFICATION NUMBER
Classification number 658.313 MAR;1 R
100 ## - MAIN ENTRY--PERSONAL NAME
Personal name Marathe, Sushma.
245 #0 - TITLE STATEMENT
Title Attrition management : concepts and cases
260 ## - PUBLICATION, DISTRIBUTION, ETC. (IMPRINT)
Date of publication, distribution, etc. 2006
Name of publisher, distributor, etc. Icfai
Place of publication, distribution, etc. Hyderabad
300 ## - PHYSICAL DESCRIPTION
Extent vi, 192
650 ## - SUBJECT ADDED ENTRY--TOPICAL TERM
Topical term or geographic name as entry element Attrition,management
942 ## - ADDED ENTRY ELEMENTS (KOHA)
Koha item type Books
Holdings
Date last seen Total Checkouts Full call number Accession number Old discount Cost, replacement price Price effective from Category Public note Lost status Damaged status Department Withdrawn status bill no. bill date Permanent Location Current Location Shelving location Entry date Vendor Cost, normal purchase price Grants Currency symbol Conversion rate Discount Discount type
26/01/2024   658.313 MAR;1 R 63546   38.00 26/01/2024 Books 63456     Central Library   1993 25/02/2014 Central Library Central Library Central Library 20/07/2010 ICFAI Press 38.00 MBA RS 1   Rupees
26/01/2024   658.313 MAR;2 R1 66550   38.00 26/01/2024 Books 66550     F-Block Annex   1993 28/10/2014 Central Library Central Library F-Block Library Annex 23/10/2010 ICFAI Press 38.00 MBA RS 1   Rupees
26/01/2024   658.313 MAR;3 66551   38.00 26/01/2024 Books 66550     Central Library   1993 28/10/2014 Central Library Central Library Central Library 23/10/2010 ICFAI Press 38.00 MBA RS 1   Rupees

© For any Suggestions or Query, please contact the library staff @ librarian@pes.edu or Phone: +9180 2672 1983/ 2108.